000 00326 a2200157 4500
001 175896
020 _a
040 _cMagnum
100 _aSouza, Flavio de
240 1 0 _aAeroporto 2001
_lpor
245 1 0 _aAeroporto 2001
362 0 _a1899
440 1 _aGlobo
697 _aMAGNITO: IJ/AVENTURA, CRIANCAS
942 _cBK
999 _c175896
_d175896